[Event "Regionalliga SO 0405"]
[Site "Bayern"]
[Date "2004.12.12"]
[Round "4.7"]
[White "Winkelmeier, Alfred"]
[Black "Daeubler, Heinrich"]
[Result "1/2-1/2"]
[WhiteElo "1855"]
[BlackElo "2063"]
[PlyCount "63"]
[EventDate "2004.10.24"]
[EventType "team-tourn"]
[EventRounds "9"]
[EventCountry "GER"]
[SourceTitle "EXT 2007"]
[Source "ChessBase"]
[SourceDate "2006.11.23"]
[SourceVersion "1"]
[SourceVersionDate "2006.11.23"]
[SourceQuality "1"]
[WhiteTeam "Ilmmuenster"]
[BlackTeam "Pang/Rosenheim II"]
[WhiteTeamCountry "GER"]
[BlackTeamCountry "GER"]

1. e4 e5 2. Bc4 Nf6 3. d4 Nxe4 4. dxe5 Qe7 5. Nf3 Qb4+ 6. Nbd2 Nxd2 7. Nxd2 Be7 8. 0-0 0-0 9. b3 d5 10. Bd3 Qc3 11. Rb1 Qxe5 12. Bb2 Qd6 13. c4 Be6 14. Qc2 h6 15. Rbd1 Nc6 16. Bh7+ Kh8 17. Ne4 Nb4 18. Qc3 d4 19. Rxd4 Nxa2 20. Qf3 Qb4 21. Qd3 f5 22. Ra1 Kxh7 23. Ng3 Bf6 24. Nxf5 Kh8 25. Nh4 Bf7 26. Ng6+ Kg8 27. Nxf8 Rxf8 28. Rxa2 Qe1+ 29. Qf1 Qxf1+ 30. Kxf1 Bxd4 31. Bxd4 a6 32. Rd2 1/2-1/2

[Event "Oberbayern-ch"]
[Site "Germany"]
[Date "1996.??.??"]
[Round "?"]
[White "Lochte, Thomas"]
[Black "Winkelmeier, Alfred"]
[Result "1-0"]
[WhiteElo "2110"]
[BlackElo "1815"]
[PlyCount "59"]
[EventDate "1996.??.??"]
[EventType "swiss"]
[EventRounds "7"]
[EventCountry "GER"]
[SourceTitle "EXT 2004"]
[Source "ChessBase"]
[SourceDate "2003.11.25"]
[SourceVersion "1"]
[SourceVersionDate "2003.11.25"]
[SourceQuality "1"]

1. e4 c5 2. d4 cxd4 3. c3 d6 4. cxd4 Nf6 5. Nc3 g6 6. Be2 Bg7 7. g4 h5 8. g5 Nh7 9. Be3 a6 10. Rc1 e6 11. Qa4+ Bd7 12. Qb4 Bc8 13. d5 e5 14. Na4 a5 15. Qb5+ Nd7 16. Nb6 Rb8 17. Nf3 0-0 18. Rxc8 Rxc8 19. Nxd7 Re8 20. Nb6 Rc7 21. Nc4 Qe7 22. Nxd6 Rd8 23. Nc4 Rcd7 24. Bc5 Qe8 25. Nd6 Qe7 26. Nxb7 Rxb7 27. Bxe7 Rxb5 28. Bxb5 Rc8 29. d6 Nf8 30. Kd2 1-0

[Event "Oberbayern-ch"]
[Site "Germany"]
[Date "1996.??.??"]
[Round "?"]
[White "Winkelmeier, Alfred"]
[Black "Wolf, H."]
[Result "1-0"]
[WhiteElo "1815"]
[BlackElo "1990"]
[PlyCount "81"]
[EventDate "1996.??.??"]
[EventType "swiss"]
[EventRounds "7"]
[EventCountry "GER"]
[SourceTitle "EXT 2004"]
[Source "ChessBase"]
[SourceDate "2003.11.25"]
[SourceVersion "1"]
[SourceVersionDate "2003.11.25"]
[SourceQuality "1"]

1. e4 c5 2. Nf3 Nc6 3. d4 cxd4 4. Nxd4 Nf6 5. Nc3 g6 6. Bc4 d6 7. Nxc6 bxc6 8. e5 Nd7 9. e6 fxe6 10. Bxe6 Nf6 11. Bxc8 Rxc8 12. 0-0 Bg7 13. Be3 Qd7 14. Qd2 0-0 15. Bh6 e5 16. Bxg7 Kxg7 17. Rfe1 Rf7 18. Rad1 Rd8 19. Qg5 h6 20. Qg3 Re8 21. Ne4 Nxe4 22. Rxe4 Qf5 23. Rc4 Qd7 24. Qc3 Rc8 25. f4 Kh7 26. fxe5 d5 27. Rcd4 Qe6 28. Qg3 Rf5 29. Re1 Re8 30. Ra4 Re7 31. Ra3 c5 32. h3 c4 33. Rae3 Qb6 34. Kh2 Qxb2 35. c3 Qxa2 36. Qh4 g5 37. Qd4 Rf2 38. Qxd5 Kg7 39. e6 Qc2 40. Qd4+ Kg8 41. Qd8+ 1-0